Cartas a una joven ensayista
Сохранить в:
| Главный автор: | |
|---|---|
| Формат: | |
| Язык: | испанский |
| Опубликовано: |
Medellín
Fondo Editorial Universidad EAFIT
2017
|
| Редактирование: | 1a. ed |
| Предметы: | |
| Метки: |
Добавить метку
Нет меток, Требуется 1-ая метка записи!
|
MARC
| LEADER | 00000cam a2200000 a 4500 | ||
|---|---|---|---|
| 001 | UCC4458 | ||
| 003 | CL-VaPUC | ||
| 008 | 180803e20170000ck |||||||||||||||||spa|d | ||
| 020 | |a 9789587203981 | ||
| 082 | 0 | 4 | |a Co866 |b GIR |2 21 |
| 100 | |a Giraldo Quintero, Efrén |e autor |9 605271 | ||
| 245 | 1 | 0 | |a Cartas a una joven ensayista |
| 250 | |a 1a. ed | ||
| 300 | |a 143 p | ||
| 942 | |c BK | ||
| 945 | |d 20180803 12:44:00 |a dcastane | ||
| 260 | |a Medellín |b Fondo Editorial Universidad EAFIT |c 2017 | ||
| 650 | 7 | |a CORRESPONDENCIAS COLOMBIANAS |2 CL-VaPUC |9 462201 | |
| 650 | 0 | |a Literatura colombiana |9 315578 | |
| 583 | |a last modification |c 20180803 12:44:00 |k Rodrigo Vera | ||
| 999 | |c 372004 |d 372002 | ||
| 952 | |0 0 |1 0 |3 erb |4 0 |6 CO_866_000000000000000_GIR_2017 |7 0 |8 A |9 489224 |a BIBEDU |b BIBEDU |i 5486262 |o Co866 GIR 2017 |p 5486262 |r 2019-11-24 |w 2019-11-24 |y BK |z Catalogado en:20180803 |k LIT | ||